| 000 | 01274cam a22003494i 4500 | ||
|---|---|---|---|
| 001 | data | ||
| 005 | 20260322212119.0 | ||
| 008 | data | ||
| 035 | _a20673131 | ||
| 906 |
_a7 _bcbc _corignew _d2 _encip _f20 _gy-gencatlg |
||
| 925 | 0 |
_aacquire _b1 shelf copy _xpolicy default |
|
| 955 | _wxm07 2019-08-19 | ||
| 010 | _a 2018302457 | ||
| 020 |
_a9781462759330 _q(board book) |
||
| 040 |
_aDLC _beng _erda _cDLC |
||
| 042 | _apcc | ||
| 050 | 0 | 0 |
_aBV4870 _b.B76 2017 |
| 082 | 0 | 0 |
_a242/.62 _223 |
| 100 | 1 |
_aBurke, Michelle Prater, _d1970- _eauthor. |
|
| 245 | 1 | 0 |
_aMy little words devotional / _cwritten by Michelle Prater Burke ; illustrated by Holli Conger. |
| 264 | 1 |
_aNashville, Tennessee : _bB&H Publishing Group, _c[2017] |
|
| 300 |
_a1volume (unpaged) : _bchiefly illustrations (colour) ; _c19 cm. |
||
| 336 |
_atext _btxt _2rdacontent |
||
| 337 |
_aunmediated _bn _2rdamedia |
||
| 338 |
_avolume _bnc _2rdacarrier |
||
| 490 | 0 | _aLittle words matter | |
| 500 | _aBoard book. | ||
| 650 | 0 |
_aDevotional literature _vJuvenile literature. |
|
| 655 | 7 |
_aLiterature. _2lcgft _0https://id.loc.gov/authorities/genreForms/gf2014026415 |
|
| 700 | 1 |
_aConger, Holli, _eartist. |
|
| 999 |
_c1810 _d1810 |
||